| 000 | 00369cam a22001217a 4500 | ||
|---|---|---|---|
| 008 | 180718b1971 xxu||||| |||| 00| 0 eng d | ||
| 082 | _aI5 P381/c.5 | ||
| 100 | _aPennathur, K. | ||
| 245 |
_aManagement by objectives _cby K. Pennathur |
||
| 260 |
_aNew Delhi _bDirectorate of Advertising and Visual Publicity _c1971 |
||
| 300 | _av.p. | ||
| 650 | _aAdministrative management | ||
| 999 |
_c502128 _d502128 |
||